[Event "ch-FRA National w"]
[Site "Nimes FRA"]
[Date "2009.08.11"]
[Round "1"]
[White "Guichard, P."]
[Black "Leconte, M."]
[Result "1-0"]
[WhiteElo "2261"]
[BlackElo "2311"]
[PlyCount "93"]
[EventDate "2009.08.11"]

1. d4 Nf6 2. c4 e6 3. Nc3 Bb4 4. e3 c5 5. Bd3 O-O 6. Nf3 d5 7. O-O Nc6 8. cxd5
exd5 9. a3 Bxc3 10. bxc3 b6 11. dxc5 bxc5 12. c4 dxc4 13. Bxc4 Na5 14. Bd3 c4
15. Bc2 Qc7 16. Qd4 Rd8 17. Qh4 Rd5 18. e4 Rh5 19. Qf4 Qxf4 20. Bxf4 Bb7 21.
Rfe1 Rb5 22. Nd4 Rb2 23. Bc1 Rb6 24. f3 Rc8 25. Nf5 Kh8 26. Be3 Rb2 27. Ba4 Bc6
28. Nd6 Rc7 29. Bxc6 Rxc6 30. Nxf7+ Kg8 31. Ne5 Re6 32. Bd4 Rc2 33. f4 Nb3 34.
Rad1 a6 35. Bf2 Nd2 36. Bh4 Re8 37. Bxf6 gxf6 38. Ng4 Kf7 39. e5 Rb8 40. e6+
Kg7 41. e7 f5 42. Ne3 Ra2 43. Nxf5+ Kf6 44. Nd6 Nf3+ 45. gxf3 Rbb2 46. e8=N+
Kg6 47. Re6+ 1-0

[Event "ch-FRA National w"]
[Site "Nimes FRA"]
[Date "2009.08.12"]
[Round "2"]
[White "Milliet, S."]
[Black "Maisuradze, N."]
[Result "1-0"]
[WhiteElo "2388"]
[BlackElo "2271"]
[PlyCount "53"]
[EventDate "2009.08.11"]

1. e4 c5 2. Nc3 Nc6 3. Nf3 g6 4. d4 cxd4 5. Nxd4 Bg7 6. Be3 d6 7. Qd2 Nf6 8. f3
O-O 9. Bc4 Nd7 10. O-O-O Nb6 11. Bb3 Na5 12. Qd3 Bd7 13. h4 Rc8 14. h5 Nbc4 15.
hxg6 hxg6 16. Bh6 e6 17. f4 Bxh6 18. Rxh6 Qf6 19. Nde2 Rfd8 20. Rdh1 Kf8 21. g4
Ke7 22. g5 Qg7 23. Rh7 Rh8 24. Rxh8 Rxh8 25. Rxh8 Qxh8 26. Bxc4 Qh1+ 27. Kd2
1-0

[Event "ch-FRA National w"]
[Site "Nimes FRA"]
[Date "2009.08.12"]
[Round "2"]
[White "Leconte, M."]
[Black "Collas, S."]
[Result "1-0"]
[WhiteElo "2311"]
[BlackElo "2315"]
[PlyCount "129"]
[EventDate "2009.08.11"]

1. e4 c5 2. c3 Nf6 3. e5 Nd5 4. Nf3 e6 5. Bc4 Nb6 6. Bb3 d6 7. exd6 Bxd6 8. d4
cxd4 9. Qxd4 O-O 10. O-O Nc6 11. Qe4 Qe7 12. Ng5 g6 13. Qh4 f6 14. Ne4 Bc7 15.
Bh6 Rf7 16. Nbd2 Na5 17. Bc2 Nd5 18. Rfe1 b6 19. f4 Bb7 20. b4 Nc6 21. Bb3 Rd8
22. Nf3 b5 23. Kh1 Bb6 24. f5 gxf5 25. Ng3 Ne5 26. Nxe5 fxe5 27. Bg5 Qd6 28.
Nh5 Rc8 29. Nf6+ Kh8 30. Rad1 Rcf8 31. Nh5 Qc6 32. Bxd5 exd5 33. Rxe5 d4 34.
Nf4 dxc3 35. Re6 c2 36. Rc1 Qc3 37. Ng6+ Kg8 38. Nxf8 Qf3 39. Qg3 Qxg3 40. hxg3
Be4 41. Bh6 Rxf8 42. Bxf8 Kxf8 43. Rxe4 fxe4 44. Rxc2 Kf7 45. Re2 e3 46. Kg1
Kf6 47. Kf1 Kf5 48. Rc2 Kg4 49. Rc8 Kxg3 50. Rg8+ Kf4 51. Ke2 h5 52. g3+ Kf5
53. Kf3 Kf6 54. Rc8 Kf5 55. Rc6 Ke5 56. Rh6 Kd4 57. Rxh5 Kc4 58. Rh4+ Kc3 59.
Re4 e2 60. Kxe2 Kb2 61. g4 Kxa2 62. g5 Bd8 63. g6 Bf6 64. Re3 Kb2 65. Rf3 1-0

[Event "ch-FRA National w"]
[Site "Nimes FRA"]
[Date "2009.08.13"]
[Round "3"]
[White "Maisuradze, N."]
[Black "Leconte, M."]
[Result "1/2-1/2"]
[WhiteElo "2271"]
[BlackElo "2311"]
[PlyCount "119"]
[EventDate "2009.08.11"]

1. Nf3 Nf6 2. c4 b6 3. Nc3 Bb7 4. d3 c5 5. e4 d6 6. Be2 Nbd7 7. O-O e6 8. Re1
Be7 9. Bf1 O-O 10. d4 cxd4 11. Nxd4 a6 12. b3 Qc7 13. Bb2 Rac8 14. Rc1 Qb8 15.
Rc2 Rfe8 16. Rd2 Bd8 17. Nc2 Bc7 18. g3 Ne5 19. Bg2 Rcd8 20. Ne3 Qa8 21. Qb1 h5
22. f4 Ng6 23. h4 b5 24. cxb5 Bb6 25. bxa6 Qxa6 26. Kh1 Ba7 27. Ncd1 d5 28.
Bxf6 gxf6 29. exd5 exd5 30. Nc2 d4 31. Kh2 Bxg2 32. Rxg2 Qa5 33. b4 Qf5 34. Rf1
d3 35. Na3 Ne5 36. Ne3 Ng4+ 37. Nxg4 Qxg4 38. Qd1 Qf5 39. Nb1 Qb5 40. a3 Rd7
41. Nc3 Qf5 42. Re1 Rde7 43. Rxe7 Rxe7 44. Qf3 Bd4 45. Nd5 Re4 46. Nc7 Re1 47.
Rd2 Be3 48. Rg2 d2 49. Nd5 Qxd5 50. Qxd5 d1=Q 51. Qxd1 Rxd1 52. a4 Rd4 53. Rb2
Rd2+ 54. Rxd2 Bxd2 55. b5 Ba5 56. f5 Kf8 57. Kg2 Ke7 58. Kf3 Kd6 59. g4 hxg4+
60. Ke4 1/2-1/2

[Event "ch-FRA National w"]
[Site "Nimes FRA"]
[Date "2009.08.13"]
[Round "3"]
[White "Guichard, P."]
[Black "Milliet, S."]
[Result "1/2-1/2"]
[WhiteElo "2261"]
[BlackElo "2388"]
[PlyCount "105"]
[EventDate "2009.08.11"]

1. d4 Nf6 2. c4 e6 3. Nc3 Bb4 4. e3 O-O 5. Bd3 c5 6. Nf3 d5 7. O-O Nc6 8. cxd5
exd5 9. a3 Bxc3 10. bxc3 Bg4 11. h3 Bh5 12. dxc5 Qe7 13. a4 Ne4 14. Ba3 Ne5 15.
c6 Qf6 16. Bxe4 dxe4 17. Qd6 exf3 18. Qxf6 gxf6 19. cxb7 Rab8 20. Bxf8 Kxf8 21.
Rfb1 Bg6 22. Rb4 a5 23. Rb5 Be4 24. Rxa5 Rxb7 25. Rb5 Rxb5 26. axb5 fxg2 27.
Ra4 f5 28. b6 Ke7 29. Rb4 Bb7 30. f3 Nxf3+ 31. Kxg2 Nd2+ 32. Kg1 Nf3+ 33. Kf1
Kd6 34. Rf4 Be4 35. Kf2 Ne5 36. Rh4 Kc6 37. Rh6+ Kb7 38. Rf6 h5 39. Kg3 Ka6 40.
Kf4 Nd7 41. b7+ Kxb7 42. Rxf7 Kc6 43. Rh7 Nb6 44. Ke5 Nc4+ 45. Kf4 Nb6 46. Ke5
Nc4+ 47. Kd4 Nd2 48. Rxh5 Nf3+ 49. Kc4 Nd2+ 50. Kd4 Nf3+ 51. Kc4 Nd2+ 52. Kd4
Nf3+ 53. Kc4 1/2-1/2

[Event "ch-FRA National w"]
[Site "Nimes FRA"]
[Date "2009.08.14"]
[Round "4"]
[White "Guichard, P."]
[Black "Collas, S."]
[Result "1-0"]
[WhiteElo "2261"]
[BlackElo "2315"]
[PlyCount "105"]
[EventDate "2009.08.11"]

1. d4 Nf6 2. c4 g6 3. Nc3 d5 4. Nf3 Bg7 5. e3 O-O 6. cxd5 Nxd5 7. Bc4 Nxc3 8.
bxc3 c5 9. O-O Nc6 10. Ba3 b6 11. Qe2 Na5 12. Bd3 Bb7 13. Rfd1 Qc7 14. e4 Rfd8
15. Rac1 Bc6 16. Qe3 Ba4 17. Rd2 e5 18. dxc5 bxc5 19. Be2 Bf8 20. Rxd8 Rxd8 21.
Qg5 Be7 22. Qe3 Qd6 23. h3 Kg7 24. Rb1 f6 25. Rb2 Rd7 26. Nd2 Qc7 27. Ba6 Qc6
28. Be2 Qc7 29. Nc4 Nb7 30. Bg4 Rd8 31. Rd2 Bb5 32. Be6 Bxc4 33. Bxc4 Rxd2 34.
Qxd2 Nd6 35. Bd5 Qa5 36. Bc1 Qa4 37. Qe2 Nb5 38. Bd2 Nc7 39. Bb3 Qb5 40. Bc4
Qd7 41. Be3 Na8 42. Bb5 Qd8 43. a4 Nc7 44. Bc4 Ne8 45. Bd5 Nc7 46. Ba2 Na8 47.
Qc4 Qf8 48. Qa6 Qb8 49. Qe6 Qf8 50. Qd7 Nb6 51. Qxa7 Nc8 52. Qc7 Kh8 53. Be6
1-0

[Event "ch-FRA National w"]
[Site "Nimes FRA"]
[Date "2009.08.14"]
[Round "4"]
[White "Milliet, S."]
[Black "Leconte, M."]
[Result "1-0"]
[WhiteElo "2388"]
[BlackElo "2311"]
[PlyCount "71"]
[EventDate "2009.08.11"]

1. e4 e6 2. d4 d5 3. Nc3 Bb4 4. e5 c5 5. a3 Bxc3+ 6. bxc3 Ne7 7. Qg4 Qc7 8.
Qxg7 Rg8 9. Qxh7 cxd4 10. Ne2 dxc3 11. f4 Bd7 12. Qd3 Nf5 13. Qxc3 Nc6 14. Rb1
O-O-O 15. Rg1 d4 16. Qd3 Na5 17. g4 Ba4 18. gxf5 Bxc2 19. Qb5 Bxb1 20. Rxg8
Rxg8 21. Qxb1 Kb8 22. fxe6 fxe6 23. Qd3 Rd8 24. Bb2 Nc6 25. Bg2 Qb6 26. Ba1
Qa5+ 27. Kf2 Ne7 28. Qb3 Nd5 29. Bxd4 Qa6 30. Bxd5 exd5 31. f5 Qh6 32. Qg3 Qh7
33. e6+ Ka8 34. Qf4 Rg8 35. f6 Qh3 36. f7 1-0

[Event "ch-FRA National w"]
[Site "Nimes FRA"]
[Date "2009.08.14"]
[Round "4"]
[White "Congiu, M."]
[Black "Maisuradze, N."]
[Result "1-0"]
[WhiteElo "2169"]
[BlackElo "2271"]
[PlyCount "92"]
[EventDate "2009.08.11"]

1. e4 g6 2. d4 Bg7 3. Nc3 c6 4. h3 d6 5. Nf3 Nd7 6. Bg5 b5 7. Bd3 a6 8. a4 b4
9. Ne2 c5 10. c3 bxc3 11. bxc3 Qc7 12. O-O Ngf6 13. Ng3 O-O 14. a5 Bb7 15. Qe2
h6 16. Bd2 Rfe8 17. Rfb1 e6 18. Nh2 Kh7 19. Kh1 Ng8 20. Be3 Ne7 21. f4 Nc6 22.
e5 cxd4 23. cxd4 Reb8 24. Ne4 dxe5 25. fxe5 Nxa5 26. Nd6 Kg8 27. Qf2 Nxe5 28.
dxe5 Nb3 29. Rxb3 Bxe5 30. Rf1 Bxd6 31. Ng4 f5 32. Nxh6+ Kg7 33. Bd4+ Be5 34.
Bxe5+ Qxe5 35. Ng4 Bxg2+ 36. Qxg2 fxg4 37. Qxg4 g5 38. Rxb8 Rxb8 39. Qf3 Qf4
40. Qh5 Rb4 41. Qg6+ Kf8 42. Rxf4+ Rxf4 43. Qxg5 Rf3 44. Qh6+ Ke7 45. Bxa6 Kd6
46. Bc4 Kc5 1-0

[Event "ch-FRA National w"]
[Site "Nimes FRA"]
[Date "2009.08.15"]
[Round "5"]
[White "Maisuradze, N."]
[Black "Guichard, P."]
[Result "1/2-1/2"]
[WhiteElo "2271"]
[BlackElo "2261"]
[PlyCount "121"]
[EventDate "2009.08.11"]

1. d4 d5 2. c4 e6 3. Nf3 c6 4. Qc2 Nd7 5. Bg5 Ngf6 6. e3 Be7 7. Nbd2 O-O 8. Bd3
h6 9. Bh4 b6 10. cxd5 cxd5 11. Qc6 Rb8 12. Bg3 Bb7 13. Qa4 Ra8 14. Rc1 Rc8 15.
O-O a6 16. Nb3 b5 17. Qa5 Qxa5 18. Nxa5 Ba8 19. Ne5 Nxe5 20. Bxe5 Bb4 21. Nb3
Nd7 22. Bc7 Rfe8 23. f4 Nf6 24. a3 Be7 25. Rc2 Ng4 26. Re1 Bd8 27. Bxd8 Rxc2
28. Bxc2 Rxd8 29. Nc5 a5 30. Bd3 Bc6 31. h3 Nf6 32. Rc1 Rd6 33. b4 axb4 34.
axb4 Be8 35. Ra1 Rb6 36. Ra8 Kf8 37. Na6 Rb7 38. Nc5 Rb6 39. Na6 Rb7 40. Rc8
Rb6 41. Nc5 Ke7 42. g4 Nd7 43. Nxd7 Kxd7 44. Rc5 Kd6 45. Kf2 Bc6 46. g5 hxg5
47. fxg5 Rb8 48. h4 g6 49. Kg3 Bd7 50. Be2 Bc6 51. Kf4 Bd7 52. Kg3 Bc6 53. h5
gxh5 54. Bxh5 Be8 55. Be2 Bd7 56. Kf4 Bc6 57. Bd3 Bd7 58. Bf1 Bc6 59. Be2 Bd7
60. Bd3 Bc6 61. e4 1/2-1/2

[Event "ch-FRA National w"]
[Site "Nimes FRA"]
[Date "2009.08.15"]
[Round "5"]
[White "Collas, S."]
[Black "Milliet, S."]
[Result "0-1"]
[WhiteElo "2315"]
[BlackElo "2388"]
[PlyCount "52"]
[EventDate "2009.08.11"]

1. Nf3 c5 2. c4 Nc6 3. d4 cxd4 4. Nxd4 Nf6 5. Nc3 e6 6. Ndb5 d5 7. cxd5 Nxd5 8.
Nxd5 exd5 9. Qxd5 Bb4+ 10. Bd2 Qe7 11. Rd1 O-O 12. a3 Bxd2+ 13. Qxd2 Rd8 14.
Qc1 Bg4 15. Rxd8+ Rxd8 16. f3 Bxf3 17. Qf4 Bh5 18. Nc3 Nd4 19. e3 Nc2+ 20. Kf2
g5 21. Qg3 Rd2+ 22. Kg1 Qxe3+ 23. Qxe3 Nxe3 24. Ne4 Rxb2 25. Nf6+ Kf8 26. Nxh5
Nxf1 0-1

[Event "ch-FRA National w"]
[Site "Nimes FRA"]
[Date "2009.08.15"]
[Round "5"]
[White "Leconte, M."]
[Black "Congiu, M."]
[Result "1-0"]
[WhiteElo "2311"]
[BlackElo "2169"]
[PlyCount "71"]
[EventDate "2009.08.11"]

1. e4 d5 2. Nc3 dxe4 3. Nxe4 Qd5 4. Nc3 Qa5 5. d4 Nf6 6. Nf3 c6 7. Ne5 Bf5 8.
Bd3 Bxd3 9. Qxd3 Nbd7 10. Nxd7 Nxd7 11. O-O e6 12. Ne4 Nf6 13. Nxf6+ gxf6 14.
Bd2 Qb6 15. b4 O-O-O 16. c3 Bd6 17. a4 Kb8 18. b5 cxb5 19. axb5 Qc7 20. Ra2
Bxh2+ 21. Kh1 Bd6 22. Rfa1 b6 23. Rxa7 Qxa7 24. Rxa7 Kxa7 25. Qf3 f5 26. Qc6
Bb8 27. Qc4 Kb7 28. Qa2 Bc7 29. Qa6+ Kb8 30. Bg5 Rd7 31. Bf6 Rg8 32. g3 h5 33.
c4 h4 34. gxh4 f4 35. c5 f3 36. c6 1-0

[Event "ch-FRA National w"]
[Site "Nimes FRA"]
[Date "2009.08.17"]
[Round "6"]
[White "Maisuradze, N."]
[Black "Collas, S."]
[Result "0-1"]
[WhiteElo "2271"]
[BlackElo "2315"]
[PlyCount "192"]
[EventDate "2009.08.11"]

1. d4 Nf6 2. Nf3 e6 3. e3 b6 4. Bd3 Bb7 5. O-O c5 6. Nbd2 cxd4 7. exd4 Be7 8.
Re1 O-O 9. c3 d6 10. a4 a6 11. h3 Nbd7 12. Nf1 Re8 13. Ng3 Bf8 14. Bg5 h6 15.
Be3 e5 16. dxe5 dxe5 17. Bc2 Qc7 18. Nf5 Rad8 19. Qe2 Nd5 20. Rad1 N7f6 21. Nd2
Nxe3 22. Nxe3 Qc6 23. Nf3 e4 24. Ne5 Qc7 25. Rxd8 Rxd8 26. N5c4 b5 27. axb5
axb5 28. Nd2 h5 29. Nef1 b4 30. Nxe4 Bxe4 31. Bxe4 bxc3 32. Qc2 Bb4 33. Re3
Nxe4 34. Rxe4 Qc5 35. Qb3 c2 36. Rc4 c1=Q 37. Rxc1 Qxc1 38. Qxb4 Rd1 39. Qb5 g6
40. g3 Qb1 41. h4 Qe4 42. b3 Qf3 43. Qc4 Rd3 44. b4 Qe2 45. Qc8+ Kg7 46. Qh3
Rd1 47. Qg2 Rb1 48. Qh3 Rxb4 49. Qg2 Rb1 50. Qh3 Qd1 51. Qg2 Kh7 52. Qh3 f5 53.
Qg2 f4 54. gxf4 Rb4 55. Qg5 Qd6 56. Ne3 Rxf4 57. Qg3 Qd4 58. Ng2 Re4 59. Qc7+
Kh6 60. Qc1+ Kg7 61. Qc7+ Kf8 62. Qg3 Kf7 63. Qc7+ Re7 64. Qg3 Qf6 65. Kh2 Re5
66. Qf4 Rf5 67. Qc7+ Kg8 68. Qc8+ Kg7 69. Qc7+ Kh6 70. f4 Rb5 71. Qc1 Qf5 72.
Qc3 Rb8 73. Qc7 Re8 74. Qc3 Rc8 75. Qg3 Qe4 76. Qg5+ Kg7 77. Qb5 Qf5 78. Qb2+
Kh7 79. Qb7+ Kh6 80. Qe7 Rc2 81. Qg5+ Qxg5 82. hxg5+ Kg7 83. Kg3 Rc3+ 84. Kh2
Rf3 85. Kh1 Kf7 86. Kh2 Ke6 87. Nh4 Rxf4 88. Nxg6 Re4 89. Kh3 Kf5 90. Nh4+ Kxg5
91. Nf3+ Kf4 92. Nh4 Re3+ 93. Kh2 Kg4 94. Ng2 Re2 95. Kg1 Kg3 96. Kh1 h4 0-1

[Event "ch-FRA National w"]
[Site "Nimes FRA"]
[Date "2009.08.17"]
[Round "6"]
[White "Milliet, S."]
[Black "Congiu, M."]
[Result "1-0"]
[WhiteElo "2388"]
[BlackElo "2169"]
[PlyCount "69"]
[EventDate "2009.08.11"]

1. e4 e5 2. Nf3 Nc6 3. Bc4 Nf6 4. d3 Bc5 5. c3 a6 6. Bb3 Ba7 7. h3 O-O 8. Bg5
d6 9. Nbd2 Be6 10. Qe2 Re8 11. Bh4 Nb8 12. g4 g6 13. Nc4 Nbd7 14. Ne3 c6 15.
Bg5 Qc7 16. Nd2 Bxb3 17. axb3 d5 18. Qf3 dxe4 19. dxe4 Re6 20. h4 Rd8 21. O-O-O
Bc5 22. Rdg1 Bf8 23. h5 Nc5 24. Bxf6 Rxd2 25. Kxd2 Rxf6 26. Nf5 gxf5 27. gxf5+
Kh8 28. Kc2 Bh6 29. Qg3 Qb8 30. Rh4 Qd8 31. Rg4 Rg6 32. Rxg6 hxg6 33. Qxe5+ f6
34. Qxc5 Qd2+ 35. Kb1 1-0

[Event "ch-FRA National w"]
[Site "Nimes FRA"]
[Date "2009.08.18"]
[Round "7"]
[White "Collas, S."]
[Black "Leconte, M."]
[Result "1-0"]
[WhiteElo "2315"]
[BlackElo "2311"]
[PlyCount "105"]
[EventDate "2009.08.11"]

1. Nf3 Nf6 2. c4 e6 3. g3 c5 4. Bg2 Nc6 5. O-O e5 6. Nc3 Be7 7. Ne1 O-O 8. Nc2
a6 9. Ne3 b5 10. d3 Rb8 11. b3 Nd4 12. Bb2 Bb7 13. Ncd5 Re8 14. Nxf6+ Bxf6 15.
Nd5 bxc4 16. e3 c3 17. Bxc3 Nb5 18. Be1 e4 19. Nxf6+ Qxf6 20. dxe4 Bxe4 21.
Bxe4 Rxe4 22. Rc1 d6 23. Ba5 Qe6 24. Qd3 h5 25. Rfd1 h4 26. Rc4 Rg4 27. a4 Na3
28. Rxg4 Qxg4 29. Qxd6 Rxb3 30. Rc1 c4 31. Bb4 Rd3 32. Qf8+ Kh7 33. Qxf7 hxg3
34. hxg3 Nc2 35. Bc5 c3 36. Kg2 Qe4+ 37. Qf3 Qxf3+ 38. Kxf3 Rd2 39. Bb6 Nb4 40.
Rxc3 Nd3 41. e4 Ne5+ 42. Kf4 Nd7 43. Be3 Ra2 44. Rc4 Nf6 45. g4 Ng8 46. Bd4 Ne7
47. Kg5 Re2 48. f3 Rd2 49. a5 Kg8 50. f4 Kf7 51. f5 Ra2 52. Rc7 Rxa5 53. Bc5
1-0

[Event "ch-FRA National w"]
[Site "Nimes FRA"]
[Date "2009.08.18"]
[Round "7"]
[White "Maisuradze, N."]
[Black "Milliet, S."]
[Result "1-0"]
[WhiteElo "2271"]
[BlackElo "2388"]
[PlyCount "51"]
[EventDate "2009.08.11"]

1. d4 Nf6 2. Nf3 c5 3. d5 e6 4. c4 b5 5. Bg5 exd5 6. cxd5 d6 7. Nc3 b4 8. Ne4
Be7 9. Bxf6 Bxf6 10. Qa4+ Bd7 11. Nxd6+ Ke7 12. Qc2 Kxd6 13. Nd2 Re8 14. Rc1
Qc8 15. g3 Ke7 16. Bg2 Kf8 17. Qxh7 g6 18. Ne4 Qa6 19. O-O Bf5 20. Nxc5 Qxe2
21. d6 Nd7 22. Nxd7+ Bxd7 23. Bxa8 Rxa8 24. Rfe1 Qxb2 25. Rc7 Rd8 26. Rxd7 1-0

[Event "ch-FRA National w"]
[Site "Nimes FRA"]
[Date "2009.08.18"]
[Round "7"]
[White "Guichard, P."]
[Black "Congiu, M."]
[Result "1/2-1/2"]
[WhiteElo "2261"]
[BlackElo "2169"]
[PlyCount "87"]
[EventDate "2009.08.11"]

1. d4 d5 2. c4 c6 3. Nf3 Nf6 4. Nc3 dxc4 5. a4 Bf5 6. e3 e6 7. Bxc4 Bb4 8. Ne5
Nbd7 9. Nxd7 Qxd7 10. f3 Bg6 11. O-O Qc7 12. e4 O-O 13. Qb3 a5 14. Rd1 Rad8 15.
Be3 Nd7 16. Rac1 Bd6 17. e5 Be7 18. Bxe6 Nc5 19. dxc5 Qxe5 20. Bf2 Qxe6 21.
Qxb7 Rb8 22. Qc7 Bg5 23. f4 Bh6 24. Re1 Qf6 25. Ne2 Rb4 26. Qxa5 Qxb2 27. Rcd1
Rbb8 28. Bd4 Qc2 29. Be5 Ra8 30. Qc3 Rxa4 31. Qxc2 Bxc2 32. Rd2 Bb3 33. Nd4 Bd5
34. Bd6 Rfa8 35. g3 g6 36. Rde2 Ra1 37. Rxa1 Rxa1+ 38. Kf2 Ra8 39. Nf3 Bf8 40.
Ne5 Bxd6 41. cxd6 Rd8 42. d7 Kg7 43. Rc2 f6 44. Nxc6 1/2-1/2

[Event "ch-FRA National w"]
[Site "Nimes FRA"]
[Date "2009.08.19"]
[Round "8"]
[White "Congiu, M."]
[Black "Collas, S."]
[Result "1/2-1/2"]
[WhiteElo "2169"]
[BlackElo "2315"]
[PlyCount "54"]
[EventDate "2009.08.11"]

1. e4 c5 2. Nf3 d6 3. Bc4 e6 4. O-O Nf6 5. Re1 Nc6 6. d3 Be7 7. Bb3 Na5 8. Ba4+
Bd7 9. Bxd7+ Qxd7 10. e5 Ng4 11. Bf4 Nc6 12. Nc3 Ngxe5 13. Nxe5 dxe5 14. Bxe5
Nxe5 15. Rxe5 O-O 16. Qf3 Rac8 17. Rae1 Bf6 18. Rh5 Bxc3 19. bxc3 f5 20. Qe2
Rf6 21. Rg5 h6 22. Rg3 f4 23. Rf3 Qa4 24. c4 Rcf8 25. c3 b5 26. cxb5 Qxb5 27.
h3 Qb6 1/2-1/2

[Event "ch-FRA National w"]
[Site "Nimes FRA"]
[Date "2009.08.19"]
[Round "8"]
[White "Leconte, M."]
[Black "Maisuradze, N."]
[Result "1-0"]
[WhiteElo "2311"]
[BlackElo "2271"]
[PlyCount "45"]
[EventDate "2009.08.11"]

1. e4 c5 2. c3 d5 3. exd5 Qxd5 4. d4 Nf6 5. Nf3 Bg4 6. dxc5 Qxc5 7. Na3 a6 8.
Be3 Qc7 9. h3 Bh5 10. Qa4+ Nbd7 11. Bf4 Qc8 12. g4 Bg6 13. Ne5 b5 14. Qd4 e6
15. Nxg6 hxg6 16. Bg2 Bc5 17. Qd2 e5 18. Be3 Ra7 19. Nc2 O-O 20. O-O-O Nb6 21.
Bxc5 Qxc5 22. Qd6 Qxf2 23. Rd2 1-0

[Event "ch-FRA National w"]
[Site "Nimes FRA"]
[Date "2009.08.20"]
[Round "9"]
[White "Collas, S."]
[Black "Guichard, P."]
[Result "1-0"]
[WhiteElo "2315"]
[BlackElo "2261"]
[PlyCount "103"]
[EventDate "2009.08.11"]

1. d4 d5 2. c4 c6 3. Nf3 e6 4. Qb3 Bd6 5. Nc3 Nf6 6. Bg5 O-O 7. e4 dxe4 8. Nxe4
Be7 9. Bxf6 Bxf6 10. Nxf6+ Qxf6 11. Bd3 c5 12. dxc5 Nd7 13. Qa3 Ne5 14. Be2
Nxf3+ 15. Bxf3 Qe5+ 16. Qe3 Qxb2 17. O-O a5 18. a3 Qf6 19. Rab1 Qe7 20. Rb6 Rd8
21. Rfb1 Ra7 22. Rd6 Re8 23. Rbd1 e5 24. c6 bxc6 25. Bxc6 Rf8 26. Qd2 g6 27.
Qc3 Bf5 28. f3 Rb8 29. g4 Be6 30. Qxe5 Rf8 31. Qd4 Rc7 32. Bb5 Rfc8 33. Rd8+
Rxd8 34. Qxd8+ Qxd8 35. Rxd8+ Kg7 36. Rd4 Kf6 37. Kf2 Ke5 38. Ke3 g5 39. Re4+
Kd6 40. f4 Bxg4 41. fxg5 Be6 42. Kd4 Rc5 43. h4 Rf5 44. a4 Kc7 45. Ke3 Rf1 46.
Rf4 Rg1 47. Be8 h6 48. gxh6 Rg6 49. h7 Rh6 50. Bxf7 Bxf7 51. Rxf7+ Kd6 52. Rf6+
1-0

[Event "ch-FRA National w"]
[Site "Nimes FRA"]
[Date "2009.08.20"]
[Round "9"]
[White "Leconte, M."]
[Black "Milliet, S."]
[Result "1/2-1/2"]
[WhiteElo "2311"]
[BlackElo "2388"]
[PlyCount "42"]
[EventDate "2009.08.11"]

1. e4 e5 2. Nf3 Nf6 3. Nc3 d6 4. d4 Nbd7 5. Bc4 Be7 6. O-O c6 7. a4 a5 8. Re1
O-O 9. b3 Nb6 10. Bd3 Bg4 11. Ne2 exd4 12. Nexd4 d5 13. e5 Ne8 14. Bb2 Nc7 15.
Bf5 Bxf5 16. Nxf5 Bb4 17. e6 Nxe6 18. Rxe6 fxe6 19. Nxg7 Qe7 20. Nh5 Nd7 21.
Qd4 e5 1/2-1/2

[Event "ch-FRA National w"]
[Site "Nimes FRA"]
[Date "2009.08.20"]
[Round "9"]
[White "Maisuradze, N."]
[Black "Congiu, M."]
[Result "1-0"]
[WhiteElo "2271"]
[BlackElo "2169"]
[PlyCount "111"]
[EventDate "2009.08.11"]

1. d4 d5 2. c4 c6 3. Nf3 Nf6 4. Nc3 dxc4 5. a4 Bf5 6. Ne5 Na6 7. f3 Nb4 8. e4
Bg6 9. Be3 e6 10. Bxc4 Nd7 11. Nxd7 Qxd7 12. a5 Be7 13. Qb3 O-O 14. O-O b5 15.
axb6 axb6 16. Rfd1 b5 17. Bf1 h6 18. Ne2 Kh8 19. Nf4 Bh7 20. Kh1 Rfd8 21. Bd2
Rxa1 22. Rxa1 Qxd4 23. Bc3 Qc5 24. Rc1 Qg5 25. Bxb4 Qxf4 26. Ra1 Bxb4 27. Qxb4
Bg6 28. Qc3 Qd2 29. Rc1 b4 30. Qxd2 Rxd2 31. b3 Rb2 32. Bc4 e5 33. h4 Rd2 34.
Ra1 Rd8 35. Ra5 f6 36. Ra6 Be8 37. Rb6 c5 38. Bd5 Rc8 39. Kg1 Kh7 40. Kf2 Rc7
41. Ke3 Ra7 42. Rb8 Bd7 43. Rf8 h5 44. Rf7 c4 45. Bxc4 Rc7 46. Kf2 Kg6 47. Re7
f5 48. exf5+ Kxf5 49. Rxg7 Kf6 50. Rh7 Kg6 51. Bd3+ Kf6 52. Rxh5 Rc3 53. Bc4
Rxc4 54. bxc4 Bb5 55. Rh6+ Ke7 56. Rb6 1-0

[Event "ch-FRA National w"]
[Site "Nimes FRA"]
[Date "2009.08.21"]
[Round "10"]
[White "Congiu, M."]
[Black "Leconte, M."]
[Result "1/2-1/2"]
[WhiteElo "2169"]
[BlackElo "2311"]
[PlyCount "62"]
[EventDate "2009.08.11"]

1. e4 e6 2. Nf3 d5 3. Nc3 Bb4 4. a3 Ba5 5. e5 c5 6. Nb5 Nc6 7. b4 Bb6 8. Nd6+
Kf8 9. bxc5 Bxc5 10. d4 Bxd6 11. exd6 Qxd6 12. a4 Nge7 13. Bb5 f6 14. O-O Kf7
15. Ba3 Qc7 16. Re1 Rd8 17. c4 a6 18. cxd5 Nxd5 19. Bc4 Kg8 20. Re4 Qf7 21. Qe1
Bd7 22. a5 Na7 23. Bc5 Nb5 24. Rc1 Re8 25. Qd2 Rac8 26. h3 Bc6 27. Ree1 Qc7 28.
Qa2 Qf7 29. Qd2 Qc7 30. Qa2 Qf7 31. Qd2 Qc7 1/2-1/2

[Event "ch-FRA National w"]
[Site "Nimes FRA"]
[Date "2009.08.21"]
[Round "10"]
[White "Guichard, P."]
[Black "Maisuradze, N."]
[Result "1-0"]
[WhiteElo "2261"]
[BlackElo "2271"]
[PlyCount "81"]
[EventDate "2009.08.11"]

1. d4 d5 2. c4 dxc4 3. Nc3 a6 4. e3 Nf6 5. Bxc4 e6 6. Nf3 b5 7. Bb3 Bb7 8. O-O
c5 9. Qe2 Nbd7 10. Rd1 Qb8 11. e4 cxd4 12. Nxd4 Bd6 13. Nf3 b4 14. Na4 Nxe4 15.
Rd4 Ndf6 16. Nb6 Ra7 17. Ba4+ Ke7 18. Be3 a5 19. Rad1 Ba6 20. Nc4 Bc5 21. Nfe5
Rc8 22. Rd8 Bxc4 23. Rxc8 Qxc8 24. Qxc4 Rc7 25. Qb5 Bxe3 26. fxe3 Nd5 27. Nc6+
Kf8 28. Rd4 f5 29. h3 Nxe3 30. g4 Rd7 31. Rxe4 fxe4 32. Qc5+ Ke8 33. Qxe3 Qc7
34. Nd4 e5 35. Ne6 Qd6 36. Nc5 Ke7 37. Nxd7 b3 38. Qg5+ Ke6 39. Qf5+ Kd5 40.
Bxb3+ Kd4 41. Qe6 1-0